| 000 | 00314 a2200133 4500 | ||
|---|---|---|---|
| 999 |
_c299788 _d299788 |
||
| 001 | 64715 | ||
| 003 | NUST | ||
| 005 | 20180119102650.0 | ||
| 008 | 180119b xxu||||| |||| 00| 0 eng d | ||
| 082 | _a516.06 JAS | ||
| 100 |
_aJasmer Singh _99049 |
||
| 245 |
_aSolid Geometry _pCAEVol 1 |
||
| 250 | _a1 | ||
| 260 |
_aNew Delhi _bDominant Pub & Distributors _c2003 |
||
| 300 | _a300p. | ||
| 942 |
_aNUST-CAE _cBK _k516.06 JAS _2ddc |
||